Statistics for Name all the FIFA 20 FUT Birthday players

Click here to take the quiz!

General Stats

  • This quiz has been taken 32 times
  • The average score is 16 of 37

Answer Stats

RatingClubPlayer% Correct
94PSGKylian Mbappe
94%
94Real MadridEden Hazard
81%
90Man UtdMarcus Rashford
81%
93LiverpoolVirgil Van Dijk
81%
90Bayer LeverkusenKai Havertz
75%
92Man UtdPaul Pogba
75%
88NewcastleAllan Saint-Maximin
69%
92BarcelonaAntoine Griezmann
69%
90ArsenalAlexandre Lacazette
63%
91PSGAngel Di Maria
63%
88TottenhamMoussa Sissoko
56%
88Bayern MunichLucas Hernandez
50%
87BurnleyNick Pope
50%
88JuventusTheo Hernandez
50%
87Eintracht FrankfurtDanny Da Costa
44%
89Athletic BilbaoIker Munian
44%
89JuventusDouglas Costa
38%
86MarseilleJordan Amavi
38%
86Werder BremenMaximilan Eggestein
38%
88ValenciaRodrigo
38%
87GetafeDakonam Djene
31%
91Real MadridGareth Bale
31%
87NapoliHirving Lozano
31%
86UdineseKevin Lasagna
31%
87NiceMalang Sarr
31%
90ArsenalMesut Ozil
31%
85LOSC LilleNicolas Gaitan
31%
87Man CityJoao Cancelo
25%
86LazioJoaquin Correa
25%
86AC MilanLucas Paqueta
25%
87Borrusia DortmundRaphael Guerreiro
25%
88TottenhamSteven Bergwijn
25%
86FC KolnJhon Cordoba
19%
88Bayer LeverkusenKarim Bellarabi
19%
89NapoliKostas Manolas
19%
87Atletico MadridThomas Lemar
19%
88AS MonacoTiemoue Bakayoko
19%

Score Distribution

Percentile by Number Answered

Percent of People with Each Score

Your Score History

You have not taken this quiz